000 00872nam a2200229 a 4500
001 52760
003 BD-RjUL
005 20211209075845.0
008 160926s1962 ii ||||| |||| 00| 0 ben d
020 _c: IRs 12.00
035 _a(BD-RjUL)52880
040 _aBD-RjUL
_bben
_cBD-RjUL
041 _aben
082 _223
_a891.4408
_bTAB 1962
100 _aঠাকুর, অবনীন্দ্রনাথ
_9121196
245 1 0 _aরাগেশ্বরী শিল্প প্রবন্ধাবলী /
_cঅবনীন্দ্রনাথ ঠাকুর,
260 _aকলিকাতা :
_bরূপা,
_c১৯৬২
300 _a৩৪৬ পৃ. ;
_c২১ সেমি.
650 _aবাংলা সাহিত্য
_xরচনাবলী
_9129397
650 _aBengali Literature
_xCollected Work
_9148350
942 _2ddc
_cBK
999 _c52760
_d52760